Statistics for Taylor Swift - Haunted Lyrics

Click here to take the quiz!

General Stats

  • This quiz has been taken 182 times
  • The average score is 283 of 321

Answer Stats

Answer% Correct
I
100%
a
97%
this
97%
thought
97%
You
97%
you
97%
And
96%
and
96%
haunted
96%
like
96%
no
96%
all
95%
had
95%
i'm
95%
line
95%
on
95%
walk
95%
come
94%
Come
94%
know
94%
time
94%
don't
93%
figured
93%
go
93%
it
93%
known
93%
leave
93%
me
93%
Never
93%
never
93%
now
93%
out
93%
fragile
92%
have
92%
to
92%
gone
91%
see
91%
your
91%
can't
90%
Can't
90%
I'd
90%
i'd
90%
You're
89%
you're
89%
but
88%
Something
88%
back
86%
my
85%
Oh
85%
break
84%
it's
83%
It's
83%
not
83%
wanted
83%
wrong
83%
be
82%
holding
81%
something's
81%
Something's
81%
what
80%
Won't
80%
again
79%
breathe
79%
live
79%
terribly
79%
whenever
79%
cold
77%
turn
77%
just
76%
nothing
76%
the
76%
big
75%
ever
75%
mistake
75%
we
75%
eyes
74%
He
73%
he
73%
quiet
73%
anything
71%
dark
71%
getting
71%
made
71%
away
68%
coming
68%
too
68%
over
67%
started
67%
trust
67%
every
65%
finish
63%
from
63%
there
63%
was
63%
keeps
62%
make
62%
pain
62%
said
62%
take
62%
everything
61%
lose
61%
instead
60%
try
60%
will
60%
wishing
59%
watched
58%
word
58%
still
57%
smile
56%
mean
54%
Stood
54%
whole
54%
might
52%

Score Distribution

Percentile by Number Answered

Percent of People with Each Score

Your Score History

You have not taken this quiz